000
00323nam a22001337a 4500
999
_c
13865
_d
13865
020
_a
978-0132492645
082
_a
005.1
100
_a
Maureen Sprankle & Jim Hubbard
245
_a
Problem Solving and Programming Concepts
250
_a
9th Edition
260
_a
Boston
_b
Pearson
_c
2012
300
_a
528 pages
942
_c
BK